000 01290nam a2200265Ia 4500
999 _c50293
_d50293
001 17232
003 GE_BSU
005 20200204140928.0
008 181216s2015 xx |||||||||||||| ||geo||
020 _a 9789941459955
040 _cGE_BSU
041 _ageo
080 _a94(479.222.2) შ-16
100 _aშავიანიძე, დ. (დავით)
_96767
245 _aსამეგრელო : (ისტორიულ-ეთნოგრაფიული ნარკვევი) /
_cდ. შავიანიძე ; რედ. როლანდ თოფჩიშვილი.
264 _aქუთაისი :
_bკაკი წერეთლის სახელმწ. უნ-ტის გამ-ბა,
_c2015.
300 _a260 გვ .:
_bფოტ,
_c20 სმ..
504 _aბიბლიოგრ.: გვ. 253-260
546 _aდასკვნები ქართ. და ინგლ. ენ..
653 _aეთნოგრაფია
653 _aისტორია
653 _aსამეგრელოს ისტორია სამეგრელოს ეთნოგრაფია
700 _aთოფჩიშვილი, როლანდ
_eრედაქტორი
_94620
942 _cBK
_2udc